Con mis ojos de perro /
Uloženo v:
| Hlavní autor: | |
|---|---|
| Další autoři: | |
| Médium: | Elektronický zdroj E-kniha |
| Jazyk: | španělština portugalština |
| Vydáno: |
Ciudad de México :
Fondo de Cultura Económica,
2025.
|
| Vydání: | Primera edición en libro electrónico. |
| Edice: | Colección popular (Fondo de Cultura Económica (Mexico)). Novela ;
985. |
| Témata: | |
| On-line přístup: | Digitalia Hispánica |
| Tagy: |
Přidat tag
Žádné tagy, Buďte první, kdo vytvoří štítek k tomuto záznamu!
|
MARC
| LEADER | 00000nam a2200000Ii 4500 | ||
|---|---|---|---|
| 001 | DIGFCE2811 | ||
| 003 | NyNyDIG | ||
| 006 | m o d | ||
| 007 | cr ||||||||||| | ||
| 008 | 250606s2025 mx o 000 f spa d | ||
| 035 | |a (OCoLC)1527020643 | ||
| 040 | |a DGITA |b eng |e rda |e pn |c DGITA | ||
| 020 | |a 9786071687869 |q (ePub) | ||
| 020 | |a 9786071687746 |q (mobi) | ||
| 020 | |z 9786071686770 |q (rústico) | ||
| 041 | 1 | |a spa |h por | |
| 050 | 1 | 4 | |a PQ9697.H5 ebook |
| 100 | 1 | |a Hilst, Hilda, |e author. | |
| 240 | 1 | 0 | |a Com os meus olhos de cão e outras novelas. |l Spanish |s (Abramo) |
| 245 | 1 | 0 | |a Con mis ojos de perro / |c Hilda Hilst ; traducción de Paula Abramo. |
| 250 | |a Primera edición en libro electrónico. | ||
| 264 | 1 | |a Ciudad de México : |b Fondo de Cultura Económica, |c 2025. | |
| 300 | |a 1 online resource. | ||
| 336 | |a text |b txt |2 rdacontent | ||
| 337 | |a computer |b c |2 rdamedia | ||
| 338 | |a online resource |b cr |2 rdacarrier | ||
| 347 | |a text file |2 rdaft | ||
| 347 | |b EPUB | ||
| 490 | 1 | |a Popular. Novela ; |v 985 | |
| 588 | 0 | |a Online resource; title from ePub title page (Digitalia, viewed June 6, 2025) | |
| 655 | 7 | |a Fiction. |2 lcgft | |
| 700 | 1 | |a Abramo, Paula, |d 1980- |e translator. | |
| 700 | 1 | |i Translation of: |a Hilst, Hilda. |t Com os meus olhos de cão e outras novelas. | |
| 791 | 2 | |a Digitalia (Firm), |e distributor. | |
| 793 | 0 | |g Digitalia eBook Collection: |a Fondo de Cultura Económica | |
| 776 | 0 | 8 | |i Print version: |a Hilst, Hilda. |s Com os meus olhos de cão e outras novelas. Spanish (Abramo). |t Con mis ojos de perro. |d Ciudad de México : Fondo de Cultura Económica, 2024 |z 9786071686770 |
| 830 | 0 | |a Colección popular (Fondo de Cultura Económica (Mexico)). |p Novela ; |v 985. | |
| 856 | 4 | 0 | |3 Digitalia Hispánica |u https://digitalia.unach.elogim.com/a/179104/ |
| 910 | |a Premium collection: 2025 | ||